Noms masculins finissant en -ée - Statistiques

Statistiques générales
  • Ce quiz a été pris 6 fois
    4 depuis la dernière actualisation
  • Le résultat moyen est 6 sur 46
Statistiques - réponses
Réponse % Correct
Musée
100%
Scarabée
100%
Chasse-marée
50%
Coryphée
50%
Gynécée
50%
Lycée
50%
Mausolée
50%
Presse-purée
50%
Raz-de-marée
50%
Trophée
50%
Androcée
0%
Antifumée
0%
Apogée
0%
Athée
0%
Athénée
0%
Borée
0%
Caducée
0%
Camée
0%
Conopée
0%
Ecomusée
0%
Elysée
0%
Empyrée
0%
Hyménée
0%
Hypogée
0%
Jamborée
0%
Lépidostée / lépisostée
0%
Macchabée
0%
Moteur-fusée
0%
Nymphée
0%
Pare-fumée
0%
Pédigrée
0%
Périgée
0%
Périnée
0%
Poisson-épée
0%
Pongée
0%
Porte-épée
0%
Propylée
0%
Protée
0%
Prytanée
0%
Pygmée
0%
Rez-de-chaussée
0%
Romanée
0%
Sigisbée
0%
Spondée
0%
Trochée
0%
Zée
0%
Aucun quiz correspondant
Distribution des résultats
% des personnes avec chaque résultat
Percentile par nombre de réponses
Votre historique - résultats
Vous n’avez pas pris ce quiz depuis la dernière actualisation